000 00315nam a2200133Ia 4500
999 _c4870
_d4870
008 200103s 1986 ||||xx |||||||||||||| ||und||
020 _a9280112155
082 _a623.888
_bIMO
100 _aIMO
245 0 _aControl of Ships and Discharges
260 _bIMO
_c1986
_aLondon
300 _a63p.
942 _cBK